[Event "European Youth Chess Championship B18"]
[Site "Prague, Top Hotel Prague"]
[Date "2012.08.18"]
[Round "2.29"]
[White "Altini, Nicola"]
[Black "Lhotka, Jiri"]
[Result "1/2-1/2"]
[WhiteElo "2379"]
[BlackElo "2082"]
[PlyCount "126"]
[EventDate "2012.08.17"]

1. d4 Nf6 2. c4 g6 3. Nc3 Bg7 4. e4 d6 5. Nf3 O-O 6. Be2 e5 7. O-O Nc6 8. d5
Ne7 9. b4 Nh5 10. g3 f5 11. Ng5 Nf6 12. Bf3 c6 13. Bg2 Kh8 14. Qb3 h6 15. Ne6
Bxe6 16. dxe6 Nxe4 17. Nxe4 fxe4 18. Bxe4 Qc8 19. b5 Qxe6 20. Ba3 Nf5 21. Bb2
Rac8 22. Qd3 Rfd8 23. Rad1 Ne7 24. Ba3 d5 25. cxd5 cxd5 26. Qb3 Qd7 27. Bxe7
Qxe7 28. Rxd5 Rxd5 29. Qxd5 Rc5 30. Qd3 g5 31. Rd1 Bf8 32. Qf3 Rc7 33. Qf5 Qf7
34. Qxe5+ Qg7 35. Qd5 Qf6 36. Rd3 g4 37. Qd4 Qxd4 38. Rxd4 Bc5 39. Rd5 Bb6 40.
Rd8+ Kg7 41. Rd2 Rf7 42. Kg2 a6 43. bxa6 bxa6 44. f3 gxf3+ 45. Bxf3 Bc5 46. h4
a5 47. Rc2 Be3 48. Rc3 Bd2 49. Rd3 Bb4 50. Kh3 Rc7 51. Bd1 Re7 52. Bb3 Bc5 53.
Kg4 Re3 54. Rd7+ Re7 55. Rd8 Re5 56. Kf4 Kf6 57. Rb8 Be3+ 58. Kf3 Bd2 59. Rd8
Bc1 60. Rd1 Rc5 61. Rd6+ Kg7 62. Rd7+ Kf6 63. Rd6+ Kg7 1/2-1/2

[Event "European Youth Chess Championship B18"]
[Site "Prague, Top Hotel Prague"]
[Date "2012.08.18"]
[Round "2.30"]
[White "Horvat, Dan-Sebastian"]
[Black "Starek, Stanislav"]
[Result "1-0"]
[WhiteElo "2242"]
[BlackElo "2052"]
[PlyCount "67"]
[EventDate "2012.08.17"]

1. e4 g6 2. d4 Bg7 3. Nc3 d6 4. h3 a6 5. g4 b5 6. Bg2 Bb7 7. Nge2 Nf6 8. Ng3
Nfd7 9. Nce2 e5 10. c3 Nc6 11. O-O O-O 12. f4 exd4 13. cxd4 Nb6 14. f5 h6 15.
b3 Kh7 16. Be3 Nd7 17. Rc1 Na7 18. Nf4 g5 19. f6 Nxf6 20. Nfh5 Nxh5 21. Nxh5
Rc8 22. Rf5 Qe7 23. Qf3 Rce8 24. d5 c5 25. Nf6+ Bxf6 26. Rxf6 Kg7 27. Rf1 b4
28. e5 Qxe5 29. Rxf7+ Rxf7 30. Qxf7+ Kh8 31. Bc1 Nb5 32. Rf6 Qd4+ 33. Kh2 Qe5+
34. Bf4 1-0

[Event "European Youth Chess Championship B18"]
[Site "Prague, Top Hotel Prague"]
[Date "2012.08.18"]
[Round "2.31"]
[White "Kyrkjebo, Erlend"]
[Black "Braun, Marek"]
[Result "1/2-1/2"]
[WhiteElo "2047"]
[BlackElo "2200"]
[PlyCount "125"]
[EventDate "2012.08.17"]

1. e4 c5 2. Nf3 e6 3. b3 Nc6 4. Bb2 d5 5. exd5 exd5 6. d4 Nf6 7. Bd3 Bg4 8.
Qe2+ Be7 9. dxc5 O-O 10. h3 Bh5 11. g4 Bg6 12. Bxg6 hxg6 13. Nc3 Bxc5 14. O-O-O
Re8 15. Qb5 Qd6 16. g5 a6 17. Qf1 Qf4+ 18. Kb1 Qxf3 19. gxf6 d4 20. Rd3 Qxf6
21. Ne2 Rad8 22. h4 Re5 23. f4 Red5 24. Ng3 Ne7 25. h5 g5 26. Ne4 Qxf4 27. Qxf4
gxf4 28. h6 Nf5 29. hxg7 Be7 30. Rf1 Kxg7 31. Rxf4 f6 32. Ng3 Nxg3 33. Rxg3+
Kf7 34. Rd3 Bc5 35. a3 a5 36. Rh4 R8d7 37. Rh7+ Ke6 38. Rxd7 Rxd7 39. b4 axb4
40. axb4 Bb6 41. Kc1 Kd5 42. Rf3 Rd6 43. Kd2 Kc4 44. Rf5 Kxb4 45. Kd3 Bc5 46.
Ba3+ Kxa3 47. Rxc5 Kb4 48. Rh5 b5 49. Rf5 Ka4 50. Rh5 Rc6 51. Rf5 Kb4 52. Rf2
Ka3 53. Rf5 Ka4 54. Rf4 Rc3+ 55. Kd2 b4 56. Rxd4 Ka3 57. Rf4 f5 58. Kc1 Rc5 59.
Rf3+ Ka2 60. Rb3 Rc4 61. Kd2 Rh4 62. Rf3 Rh2+ 63. Kc1 1/2-1/2

[Event "European Youth Chess Championship B18"]
[Site "Prague, Top Hotel Prague"]
[Date "2012.08.18"]
[Round "2.32"]
[White "Real, Thibault"]
[Black "Verstraeten, Reinaert"]
[Result "1/2-1/2"]
[WhiteElo "2010"]
[BlackElo "2191"]
[PlyCount "80"]
[EventDate "2012.08.17"]

1. e4 c5 2. c3 d5 3. exd5 Qxd5 4. d4 Nc6 5. dxc5 Qxd1+ 6. Kxd1 Bf5 7. Be3 Nf6
8. Nf3 e6 9. Bb5 Nd5 10. Nd4 Nxe3+ 11. fxe3 O-O-O 12. Ke2 Be4 13. Nd2 Bxg2 14.
Rhg1 Nxd4+ 15. cxd4 Bc6 16. Bxc6 bxc6 17. b4 g6 18. a4 Kc7 19. Nc4 Bg7 20. b5
e5 21. b6+ axb6 22. cxb6+ Kb7 23. dxe5 Rd5 24. Rgf1 Rf8 25. Rad1 Ka6 26. Rb1
Bxe5 27. Nxe5 Rxe5 28. b7 Rb8 29. Rxf7 Rh5 30. Kd3 Rxh2 31. Rc7 Ka7 32. e4 Rh5
33. Kd4 Rd8+ 34. Kc4 Rb8 35. Kd4 Rd8+ 36. Kc4 Rb8 37. Kd4 Rd8+ 38. Kc4 Rb8 39.
Kd4 Rd8+ 40. Kc4 Rb8 1/2-1/2

[Event "European Youth Chess Championship B18"]
[Site "Prague, Top Hotel Prague"]
[Date "2012.08.18"]
[Round "2.33"]
[White "Seidl, Stepan"]
[Black "Pavel, Sebastian-Ionut"]
[Result "1-0"]
[WhiteElo "2187"]
[BlackElo "2045"]
[PlyCount "49"]
[EventDate "2012.08.17"]

1. e4 c5 2. Nf3 Nc6 3. Bb5 d6 4. O-O Bd7 5. Re1 Nf6 6. c3 Ne5 7. Bxd7+ Nfxd7 8.
d4 Nxf3+ 9. Qxf3 e6 10. Na3 Be7 11. Qg3 O-O 12. Bh6 Bf6 13. Rad1 Kh8 14. Bf4 e5
15. dxe5 dxe5 16. Qg4 exf4 17. Rxd7 Qb6 18. Nc4 Qb5 19. e5 Qxc4 20. exf6 g6 21.
h4 h5 22. Qf3 Rad8 23. b3 Qa6 24. Qxf4 Kh7 25. Re5 1-0

[Event "European Youth Chess Championship B18"]
[Site "Prague, Top Hotel Prague"]
[Date "2012.08.18"]
[Round "2.34"]
[White "Balacek, Tadeas"]
[Black "Suchomel, Ales"]
[Result "1-0"]
[WhiteElo "2178"]
[BlackElo "2044"]
[PlyCount "105"]
[EventDate "2012.08.17"]

1. d4 Nf6 2. c4 e6 3. g3 Bb4+ 4. Bd2 Be7 5. Bg2 d5 6. Nf3 c6 7. Qc2 b6 8. O-O
O-O 9. Rd1 Ba6 10. b3 Nbd7 11. a4 Ne4 12. Be1 Rc8 13. a5 b5 14. c5 Qc7 15. Nc3
f5 16. b4 Bf6 17. e3 Rce8 18. Ne2 Bc8 19. h4 g6 20. Nh2 Bg7 21. f3 Nef6 22. g4
Rf7 23. Bg3 Qd8 24. Nc3 Nf8 25. Rf1 N6d7 26. Rad1 h6 27. Qd2 Nh7 28. e4 fxe4
29. fxe4 Rxf1+ 30. Rxf1 Rf8 31. Re1 Ndf6 32. Bd6 Rf7 33. Qd3 g5 34. exd5 Nxd5
35. Nxd5 exd5 36. Qe3 Qf6 37. Be5 Qe7 38. Bxg7 Qxe3+ 39. Rxe3 Kxg7 40. Nf3 gxh4
41. Ne5 Rf6 42. Rf3 Bb7 43. a6 Bxa6 44. Ra3 Bc8 45. Rxa7+ Kg8 46. Nxc6 Be6 47.
Ne7+ Kh8 48. Nxd5 Rg6 49. Nf4 Rxg4 50. Nxe6 Ng5 51. Nxg5 hxg5 52. Kh2 Rxd4 53.
c6 1-0

[Event "European Youth Chess Championship B18"]
[Site "Prague, Top Hotel Prague"]
[Date "2012.08.18"]
[Round "2.35"]
[White "Alfimov, Igor"]
[Black "Drnovsek, Gal"]
[Result "0-1"]
[WhiteElo "1969"]
[BlackElo "2177"]
[PlyCount "80"]
[EventDate "2012.08.17"]

1. d4 d5 2. c4 e6 3. Nc3 Nf6 4. Nf3 Be7 5. Bg5 O-O 6. e3 Nbd7 7. Rc1 a6 8. cxd5
exd5 9. Bd3 b6 10. O-O Bb7 11. Qe2 c5 12. dxc5 bxc5 13. Rfd1 h6 14. Bh4 Re8 15.
Bf5 g6 16. Bxd7 Qxd7 17. Qd2 Rad8 18. b3 g5 19. Bg3 Qe6 20. Qc2 Bf8 21. h4 g4
22. Ne1 Nh5 23. Ne2 Nxg3 24. Nxg3 Bd6 25. Nf5 Bb8 26. e4 dxe4 27. Rxd8 Rxd8 28.
Qxc5 Kh7 29. Nc2 Rc8 30. Qb4 Qxf5 31. Qxb7 Qf4 32. g3 Qxc1+ 33. Kg2 Qxc2 34.
Qxf7+ Kh8 35. Qf6+ Kg8 36. Qg6+ Kf8 37. Qf6+ Ke8 38. Qe6+ Kd8 39. Qf6+ Kc7 40.
Qe7+ Kb6 0-1

[Event "European Youth Chess Championship B18"]
[Site "Prague, Top Hotel Prague"]
[Date "2012.08.18"]
[Round "2.36"]
[White "Guttulsrud, Odd Martin"]
[Black "Panainte, Daniel-Iulian"]
[Result "1/2-1/2"]
[WhiteElo "2172"]
[BlackElo "2005"]
[PlyCount "81"]
[EventDate "2012.08.17"]

1. e4 e6 2. d4 d5 3. Nd2 dxe4 4. Nxe4 Nd7 5. Nf3 Ngf6 6. Nxf6+ Nxf6 7. Bg5 h6
8. Bh4 c5 9. dxc5 Qxd1+ 10. Rxd1 Bxc5 11. Bb5+ Ke7 12. O-O a6 13. Be2 b5 14.
Ne5 g5 15. Bf3 Nd5 16. Bxd5 exd5 17. Rxd5 Bb6 18. Bg3 Be6 19. Rd2 Rhc8 20. Re1
Ba5 21. c3 b4 22. Rc2 bxc3 23. bxc3 Rxc3 24. Rce2 Kf8 25. h4 Rxg3 26. fxg3 Bxe1
27. Rxe1 Bxa2 28. Ra1 Be6 29. Ra5 Ke7 30. Kf2 Kd6 31. Nf3 f6 32. Nd4 Bc8 33.
Ke3 Rb8 34. Ke4 Rb4 35. Rd5+ Ke7 36. Rc5 Bb7+ 37. Ke3 Bxg2 38. Rc7+ Kd6 39. Rf7
Rb6 40. Rxf6+ Kc5 41. Rxb6 1/2-1/2

[Event "European Youth Chess Championship B18"]
[Site "Prague, Top Hotel Prague"]
[Date "2012.08.18"]
[Round "2.37"]
[White "Konvicka, Martin"]
[Black "Silva Rodriguez, Julio"]
[Result "0-1"]
[WhiteElo "1937"]
[BlackElo "2165"]
[PlyCount "90"]
[EventDate "2012.08.17"]

1. e4 e6 2. d4 d5 3. Nc3 Bb4 4. e5 c5 5. a3 Bxc3+ 6. bxc3 Qa5 7. Bd2 Qa4 8. Qg4
g6 9. Qd1 b6 10. Nf3 Ba6 11. Bd3 Nc6 12. O-O cxd4 13. Bxa6 Qxa6 14. cxd4 Qc4
15. Bb4 Nge7 16. Qd2 O-O 17. g4 Nxb4 18. Qh6 Qe2 19. Ng5 Qxg4+ 20. Kh1 Qh5 21.
Qxh5 gxh5 22. axb4 h6 23. Nh3 Rfc8 24. Nf4 Rxc2 25. Nxh5 Rc4 26. Nf6+ Kh8 27.
Rfc1 Nc6 28. Rg1 Ne7 29. Rgc1 b5 30. Rxc4 dxc4 31. Kg2 Nc6 32. d5 exd5 33. Nxd5
Rd8 34. Nc3 Rb8 35. Nd5 Rb7 36. f4 Rd7 37. Ra6 Nxe5 38. fxe5 Rxd5 39. Rxa7 Rxe5
40. Rxf7 Re2+ 41. Kg3 Rb2 42. Kg4 c3 43. Kh5 Rxb4 44. Kg6 Rg4+ 45. Kxh6 c2 0-1

[Event "European Youth Chess Championship B18"]
[Site "Prague, Top Hotel Prague"]
[Date "2012.08.18"]
[Round "2.38"]
[White "Lis, Marek"]
[Black "Petras, Marian"]
[Result "0-1"]
[WhiteElo "2162"]
[BlackElo "1958"]
[PlyCount "46"]
[EventDate "2012.08.17"]

1. e4 c5 2. Nf3 Nc6 3. d4 cxd4 4. Nxd4 Nf6 5. Nc3 g6 6. Bc4 Bg7 7. Nxc6 bxc6 8.
e5 Ng8 9. Qf3 f5 10. Bf4 e6 11. O-O-O Qc7 12. Rhe1 Nh6 13. h3 Nf7 14. Qe3 Rb8
15. Bb3 Rb4 16. g3 h6 17. Qc5 Bf8 18. Rd6 Rxf4 19. Nd5 exd5 20. gxf4 Kd8 21.
Bxd5 Nxd6 22. exd6 Bxd6 23. Qd4 Rf8 0-1

[Event "European Youth Chess Championship B18"]
[Site "Prague, Top Hotel Prague"]
[Date "2012.08.18"]
[Round "2.39"]
[White "Krusina, Patrik"]
[Black "Nadirashvili, Shalva"]
[Result "0-1"]
[WhiteElo "1922"]
[BlackElo "2151"]
[PlyCount "48"]
[EventDate "2012.08.17"]

1. e4 c5 2. Nc3 Nc6 3. Nf3 e5 4. Bc4 Be7 5. O-O Nf6 6. d3 O-O 7. Ng5 d6 8. f4
Bg4 9. Nf3 Nd4 10. h3 Nxf3+ 11. gxf3 Bxh3 12. Rf2 exf4 13. Bxf4 Nh5 14. Bd2 Qd7
15. Rh2 Bf6 16. Be3 Be5 17. Rh1 Ng3 18. f4 Bxc3 19. bxc3 Nxh1 20. f5 Bxf5 21.
exf5 Qxf5 22. Kg2 Rae8 23. Bd2 Qf2+ 24. Kxh1 Re2 0-1

[Event "European Youth Chess Championship B18"]
[Site "Prague, Top Hotel Prague"]
[Date "2012.08.18"]
[Round "2.40"]
[White "Pecurica, Milos"]
[Black "Archer-Lock, Adrian"]
[Result "1-0"]
[WhiteElo "2132"]
[BlackElo "1923"]
[PlyCount "47"]
[EventDate "2012.08.17"]

1. d4 d5 2. c4 dxc4 3. Nf3 c5 4. e3 cxd4 5. exd4 e6 6. Bxc4 Nf6 7. O-O Be7 8.
Nc3 O-O 9. Re1 Nbd7 10. Bg5 Nb6 11. Bb3 Nbd5 12. Ne5 Nxc3 13. bxc3 Nd5 14. Bxe7
Nxe7 15. Qf3 Qc7 16. Re4 Nc6 17. Nd3 Bd7 18. Nf4 Na5 19. Nh5 Nxb3 20. Nf6+ Kh8
21. Rh4 h6 22. Qe3 Nxa1 23. Rxh6+ gxh6 24. Qxh6# 1-0

[Event "European Youth Chess Championship B18"]
[Site "Prague, Top Hotel Prague"]
[Date "2012.08.18"]
[Round "2.41"]
[White "Gabovits, Ilia"]
[Black "Papakonstantinou, Dimitrios"]
[Result "0-1"]
[WhiteElo "1893"]
[BlackElo "2129"]
[PlyCount "50"]
[EventDate "2012.08.17"]

1. e4 c5 2. Nf3 e6 3. d4 cxd4 4. Nxd4 Nf6 5. Nc3 d6 6. Be3 a6 7. f3 b5 8. Qd2
Nbd7 9. g4 h6 10. O-O-O b4 11. Nce2 Ne5 12. Ng3 d5 13. g5 hxg5 14. Bxg5 dxe4
15. Bxf6 gxf6 16. Kb1 Bb7 17. Qe1 Qb6 18. Nxe4 O-O-O 19. c3 Nxf3 20. Nxf3 Rxd1+
21. Qxd1 Bxe4+ 22. Bd3 bxc3 23. b3 Qe3 24. Bxe4 Qxe4+ 25. Ka1 Ba3 0-1

[Event "European Youth Chess Championship B18"]
[Site "Prague, Top Hotel Prague"]
[Date "2012.08.18"]
[Round "2.42"]
[White "Romanov, Stanislav"]
[Black "Poska, Karolis"]
[Result "1-0"]
[WhiteElo "2115"]
[BlackElo "1884"]
[PlyCount "59"]
[EventDate "2012.08.17"]

1. e4 c5 2. a3 g6 3. h4 Bg7 4. h5 d6 5. Bc4 Nc6 6. d3 Ne5 7. Bb5+ Bd7 8. Bxd7+
Qxd7 9. Nc3 O-O-O 10. Bd2 f5 11. Qe2 Nh6 12. O-O-O b5 13. f4 Nc6 14. Nxb5 Bxb2+
15. Kxb2 Qb7 16. a4 a6 17. c4 axb5 18. axb5 Nd4 19. Qe1 Kd7 20. Bc3 Ra8 21.
Bxd4 cxd4 22. Nf3 Ra4 23. Nxd4 Qa7 24. Nb3 Ra2+ 25. Kc3 Rxg2 26. Ra1 Qb7 27.
Qe3 Ra8 28. Qd4 Qc8 29. Nc5+ Kc7 30. b6+ 1-0

[Event "European Youth Chess Championship B18"]
[Site "Prague, Top Hotel Prague"]
[Date "2012.08.18"]
[Round "2.43"]
[White "Belsley, Alexandre"]
[Black "Sosovicka, Juraj"]
[Result "1/2-1/2"]
[WhiteElo "1842"]
[BlackElo "2108"]
[PlyCount "90"]
[EventDate "2012.08.17"]

1. d4 d5 2. c4 c6 3. Nf3 Nf6 4. Qc2 e6 5. g3 Nbd7 6. Bg2 dxc4 7. O-O Be7 8.
Qxc4 O-O 9. Nc3 Nb6 10. Qb3 c5 11. Rd1 Nbd5 12. Nxd5 Nxd5 13. dxc5 Qc7 14. Bd2
Bxc5 15. Rac1 Qe7 16. Ne5 b6 17. Nd3 Bb7 18. Nxc5 bxc5 19. e4 Nb6 20. Qa3 Rfc8
21. Be3 Nd7 22. Rd2 Rc7 23. Rdc2 Rac8 24. Bf4 e5 25. Be3 h6 26. f3 Qe6 27. Bf1
a6 28. Qb3 Qxb3 29. axb3 Rc6 30. b4 cxb4 31. Rxc6 Rxc6 32. Rxc6 Bxc6 33. Bxa6
f5 34. exf5 Bxf3 35. Bd2 Bg4 36. Bc4+ Kh8 37. Bxb4 Bxf5 38. Bc3 Kh7 39. b4 Kg6
40. Bd5 Kf6 41. Kf2 Bd3 42. Ke3 Bb5 43. Ke4 Ba4 44. Bc4 Bc6+ 45. Bd5 Ba4
1/2-1/2